000 00724nmc a2200289 a 4500
003 AR-BaBNM
005 20251128203735.0
008 086119s1964 ||||||||||||||000 | spa||
040 _cAR-BaBNM
245 1 0 _aEl Cid Campeador
250 _a5ª ed.
260 _aMadrid
_bEspasa-Calpe
_c1964
300 _a246 p.
490 0 _aAustral
_vv. 1000
500 _aContiene prólogo en p. 13-22
650 4 _aPOESIA
650 4 _aLITERATURA ESPAÑOLA
650 4 _aCANTARES DE GESTA
650 4 _aEDAD MEDIA
650 4 _aANALISIS LITERARIO
650 4 _aCRITICA LITERARIA
653 _aMESTER DE JUGLARIA
655 _aLITERATURA
700 1 _aMenéndez Pidal, Ramón
_eeditor
942 _cBK
998 _cisola
999 _c4739
_d4739